000 01910nam0a22003011 4500
001 rc\4848439
005 20260407173354.0
021 _aRU
_bРг6587-59
035 _a(NLR Aleph) 008813452
090 _a8176322
_c8176322
100 _a20130426d1959 |||y0rusy50 ca
101 0 _arus
102 _aRU
105 _ay z |||||
200 1 _aЖелезисто-сланцевый цемент
_fГосплан Совета Министров Укр. ССР. Совет нар. хозяйства Станиславск. экон. адм. района. Акад. строительства и архитектуры Укр. ССР. Совещание по вопросам развития строительства и размещения предприятий стройиндустрии и стройматериалов в Станиславск. экон. адм. районе
210 _aКиев
_cНауч.-исслед. ин-т строит. материалов и изделий
_d1959
215 _a9 с.
_d20
300 _aПеред загл. авт.: В.А. Тихонов, Г.[!]Н. Кудрявцев; на 1-й с. текста - В.А. Тихонов, канд. техн. наук, Т.Н. Кудрявцев, инж.
300 _aНапеч. на ротапринте
333 _aНа правах рукописи
700 1 _aТихонов
_bВ.А.
701 1 _aКудрявцев
_bТ.Н.
_gТихон Никифорович
712 1 2 _aСовещание по вопросам развития строительства и размещения предприятий стройиндустрии и стройматериалов в Станиславском экон. адм. районе
_f1959
_eСтанислав
_3RU\NLR\AUTH\8810110388
_9720676
801 0 _aRU
_bNLR
_gpsbo
801 1 _aRU
_bELAR
_2rusmarc
852 _aNLR
_j59-4/15088
942 _cBOOK
980 _aNB